000
00268nam a22001097a 4500
008
160511b xxu||||| |||| 00| 0 eng d
020
_a
0801312353
041
_a
eng
080
_a
316.77
245
_a
Writing for mass communication:
_c
Earl R. Hutchison;
942
_2
udc
_c
BK
999
_c
2033
_d
2033